000 00736nam a2200229 a 4500
001 000020855
005 20200930011158.0
008 100818s1977 mx 000 0 spa d
040 _aDO-SdBNP
_bspa
_cBNPHU
082 _a808.83
_bG752c, 1977
245 0 0 _aGrandes cuentistas /
_cselección y estudio preliminar por Julio Torri ; noticias biobibliográficas de José Manuel Conde.
250 _a10a ed.
260 _aMéxico :
_bCumbre,
_c1977.
300 _axix, 1-551 p. ;
_c21 cm.
490 1 _aLos clásicos
650 4 _aCuentos
_xColecciones
_98799
650 4 _aLiteratura
_xColecciones
_940253
700 1 _aTorri, Julio,
_943719
700 1 _aConde, José Manuel,
_943720
830 0 _aLos clásicos
_943697
049 _aBNGR
999 _c20358
_d20358